| 000 | 00804nam a2200253Ia 4500 | ||
|---|---|---|---|
| 003 | OSt | ||
| 005 | 20221005085047.0 | ||
| 006 | a|||||r|||| 00| 0 | ||
| 007 | ta | ||
| 008 | 221004b |||||||| |||| 00| 0 eng d | ||
| 020 |
_a9780231143356 (hbk) _c1525.97 |
||
| 024 | _a2181 | ||
| 037 |
_b36521, 21/12/2012, Segment Book Distributors _cTextual |
||
| 040 |
_aCRL _cCRL _beng |
||
| 041 |
_2eng _aeng |
||
| 082 | _aR3xL70:g, Q1 | ||
| 100 | _aZizek Slavoj Ed. | ||
| 245 | 0 |
_aHegel and the infinite _b Religion politics and dialectic |
|
| 260 |
_aNew York _bColumbia University Press U.S.A _c2011 |
||
| 300 |
_axv, 202p. _ccm. |
||
| 650 | _aPHILOSOPHY | ||
| 942 |
_hR3xL70:g, Q1 _cTEXL _2cc |
||
| 999 |
_c993598 _d993598 |
||